[Event "GBR-ch80"]
[Site "Dundee"]
[Date "1993.08.03"]
[Round "2"]
[White "Emms, John M"]
[Black "Lee, Graham D"]
[Result "1-0"]
[WhiteElo "2455"]
[BlackElo "2345"]
[PlyCount "43"]
[EventDate "1993.08.02"]
[EventType "swiss"]
[EventRounds "11"]
[EventCountry "GBR"]
[SourceTitle "BritBase"]
[Source "britbase.info"]
[SourceDate "2021.07.30"]
[SourceVersion "1"]
[SourceVersionDate "2021.07.30"]
[SourceQuality "1"]

1. e4 c6 2. d4 d5 3. Nd2 Nd7 4. e5 Nb6 5. Bd3 Nh6 6. Ndf3 g6 7. Ne2 Bf5 8. Ng3
Bxd3 9. Qxd3 Qd7 10. O-O Nf5 11. Re1 e6 12. Bg5 Be7 13. b3 Nxg3 14. fxg3 Bxg5
15. Nxg5 Qe7 16. Qd2 c5 17. Rf1 O-O 18. Rf6 Nd7 19. Raf1 cxd4 20. Rxf7 Rxf7 21.
Rxf7 Qc5 22. Rg7+ 1-0

[Event "GBR-ch80"]
[Site "Dundee"]
[Date "1993.08.03"]
[Round "2"]
[White "Gokhale, Jayant Suresh"]
[Black "Hunt, Adam"]
[Result "1-0"]
[WhiteElo "2330"]
[BlackElo "2150"]
[PlyCount "69"]
[EventDate "1993.08.02"]
[EventType "swiss"]
[EventRounds "11"]
[EventCountry "GBR"]
[SourceTitle "BritBase"]
[Source "britbase.info"]
[SourceDate "2021.07.30"]
[SourceVersion "1"]
[SourceVersionDate "2021.07.30"]
[SourceQuality "1"]

1. d4 Nf6 2. c4 g6 3. Nc3 Bg7 4. e4 d6 5. Nf3 O-O 6. Be2 e5 7. O-O Nc6 8. d5
Ne7 9. Nd2 Ne8 10. b4 f5 11. f3 f4 12. c5 g5 13. Nc4 Rf6 14. a4 Rg6 15. Ba3 h5
16. b5 g4 17. a5 Kh8 18. b6 Ng8 19. fxg4 hxg4 20. g3 axb6 21. axb6 dxc5 22.
bxc7 Qxc7 23. Nb5 Qf7 24. Bb2 Rxa1 25. Bxa1 Rh6 26. Bxg4 Bxg4 27. Qxg4 Ngf6 28.
Nxe5 Qe7 29. Qxf4 Kg8 30. Ng4 Nxg4 31. Qxg4 Nf6 32. Qc8+ Kh7 33. Qf5+ Kg8 34.
d6 Qd8 35. e5 1-0

[Event "GBR-ch80"]
[Site "Dundee"]
[Date "1993.08.03"]
[Round "2"]
[White "Harley, Andrew D"]
[Black "Hodgson, Julian M"]
[Result "0-1"]
[WhiteElo "2315"]
[BlackElo "2625"]
[PlyCount "80"]
[EventDate "1993.08.02"]
[EventType "swiss"]
[EventRounds "11"]
[EventCountry "GBR"]
[SourceTitle "BritBase"]
[Source "britbase.info"]
[SourceDate "2021.07.30"]
[SourceVersion "1"]
[SourceVersionDate "2021.07.30"]
[SourceQuality "1"]

1. e4 d6 2. d4 Nf6 3. Nc3 g6 4. f4 Bg7 5. Nf3 O-O 6. Bd3 Na6 7. O-O c5 8. d5
Bg4 9. Bc4 Nc7 10. a4 a6 11. h3 Bxf3 12. Qxf3 Nd7 13. a5 b5 14. axb6 Nxb6 15.
Qd3 Rb8 16. Nd1 e6 17. c3 Nxc4 18. Qxc4 exd5 19. exd5 f5 20. Ra2 Re8 21. Nf2
Qd7 22. Rd1 Qf7 23. b4 Nb5 24. Bb2 cxb4 25. cxb4 Rbc8 26. Qd3 Bxb2 27. Rxb2 Rc3
28. Qd2 Qc7 29. Kh2 Qc4 30. h4 Ree3 31. Nh3 Qe4 32. Qf2 h6 33. Ra1 Nd4 34. Ng1
g5 35. Rxa6 g4 36. g3 Rc1 37. Rba2 Rxg1 38. Ra8+ Kg7 39. R2a7+ Kg6 40. Rg8+ Kh5
0-1

[Event "GBR-ch80"]
[Site "Dundee"]
[Date "1993.08.03"]
[Round "2"]
[White "Hebden, Mark"]
[Black "Webster, Andrew"]
[Result "1-0"]
[WhiteElo "2560"]
[BlackElo "2410"]
[PlyCount "91"]
[EventDate "1993.08.02"]
[EventType "swiss"]
[EventRounds "11"]
[EventCountry "GBR"]
[SourceTitle "BritBase"]
[Source "britbase.info"]
[SourceDate "2021.07.30"]
[SourceVersion "1"]
[SourceVersionDate "2021.07.30"]
[SourceQuality "1"]

1. e4 g6 2. d4 Bg7 3. Nf3 c6 4. h3 d6 5. Bd3 e5 6. c3 Nd7 7. Nbd2 Ngf6 8. O-O
O-O 9. Re1 Re8 10. a4 d5 11. exd5 Nxd5 12. dxe5 Nxe5 13. Nxe5 Rxe5 14. Rxe5
Bxe5 15. Nf3 Bg7 16. a5 Be6 17. Ng5 Bd7 18. Bc4 Qe7 19. Bxd5 cxd5 20. Be3 d4
21. cxd4 Bc6 22. Nf3 Qe4 23. Qb3 Rd8 24. a6 bxa6 25. Rxa6 Qb1+ 26. Kh2 Bd5 27.
Qb5 Bxf3 28. gxf3 Qd1 29. Rd6 Rf8 30. Kg2 Qc2 31. Rc6 Qb1 32. Ra6 Qf5 33. Qxf5
gxf5 34. Rxa7 f4 35. Bxf4 Bxd4 36. Rb7 Rc8 37. Be3 Be5 38. b4 Rc4 39. b5 Kg7
40. b6 Rb4 41. Rd7 Kf6 42. Rd8 Ke7 43. Rd3 Rb1 44. f4 Bb8 45. Kf3 f5 46. Rd5
1-0

[Event "GBR-ch80"]
[Site "Dundee"]
[Date "1993.08.03"]
[Round "2"]
[White "Hunt, Harriet"]
[Black "McDonald, Neil R"]
[Result "0-1"]
[WhiteElo "2135"]
[BlackElo "2395"]
[PlyCount "114"]
[EventDate "1993.08.02"]
[EventType "swiss"]
[EventRounds "11"]
[EventCountry "GBR"]
[SourceTitle "BritBase"]
[Source "britbase.info"]
[SourceDate "2021.07.30"]
[SourceVersion "1"]
[SourceVersionDate "2021.07.30"]
[SourceQuality "1"]

1. e4 e6 2. d4 d5 3. Nd2 Nf6 4. e5 Nfd7 5. c3 c5 6. Bd3 Nc6 7. Ne2 cxd4 8. cxd4
f6 9. exf6 Nxf6 10. Nf3 Qc7 11. O-O Bd6 12. Re1 O-O 13. g3 Bd7 14. Bf4 Rae8 15.
Rc1 Qb8 16. Bb1 Re7 17. Bxd6 Qxd6 18. Nf4 Qb4 19. Rc3 Bc8 20. Nd3 Qb6 21. Nde5
Nxe5 22. dxe5 Ne4 23. Bxe4 dxe4 24. Rxe4 Bd7 25. Qd2 Bc6 26. Rf4 Rxf4 27. gxf4
Rd7 28. Qc2 Qd8 29. Qb3 Rd5 30. h3 Qf8 31. Qc4 Qf5 32. Kh2 h6 33. Re3 Rd1 34.
Rc3 Kh8 35. Ng1 Bd5 36. Qb4 Rf1 37. Qd4 g5 38. Rc5 Qxf4+ 39. Qxf4 gxf4 40. Rc2
Kg7 41. f3 Kg6 42. Kg2 Re1 43. Ne2 Kf5 44. Kf2 Rh1 45. Kg2 Rd1 46. Nc3 Rd3 47.
Nxd5 Rxd5 48. Kf1 Rd1+ 49. Kf2 Kxe5 50. Re2+ Kd5 51. Kg2 h5 52. h4 a5 53. b3 b5
54. Kh2 e5 55. Kg2 a4 56. bxa4 bxa4 57. Kh2 a3 0-1

[Event "GBR-ch80"]
[Site "Dundee"]
[Date "1993.08.03"]
[Round "2"]
[White "Joseph, Stephen Mario"]
[Black "Ledger, David"]
[Result "0-1"]
[WhiteElo "2235"]
[BlackElo "2295"]
[PlyCount "72"]
[EventDate "1993.08.02"]
[EventType "swiss"]
[EventRounds "11"]
[EventCountry "GBR"]
[SourceTitle "BritBase"]
[Source "britbase.info"]
[SourceDate "2021.07.30"]
[SourceVersion "1"]
[SourceVersionDate "2021.07.30"]
[SourceQuality "1"]

1. c4 Nf6 2. Nc3 g6 3. g3 Bg7 4. Bg2 O-O 5. e4 d6 6. Nge2 c5 7. O-O Nc6 8. d3
Ne8 9. f4 Nc7 10. f5 Rb8 11. Bg5 b5 12. cxb5 Nd4 13. Qd2 Nxe2+ 14. Qxe2 Nxb5
15. Nd5 Bd4+ 16. Kh1 f6 17. Bh6 Rf7 18. Nf4 Nc7 19. Qg4 Kh8 20. Qh4 Qg8 21. Bf8
gxf5 22. exf5 Bxf5 23. Nd5 Bxd3 24. Bxe7 Nxd5 25. Bxd5 Rxe7 26. Bxg8 Be4+ 27.
Qxe4 Rxe4 28. Bd5 Re2 29. Rae1 Rbxb2 30. Rxe2 Rxe2 31. Rb1 Bb2 32. Bc4 Rd2 33.
a4 a5 34. Re1 Be5 35. Rb1 d5 36. Bf1 c4 0-1

[Event "GBR-ch80"]
[Site "Dundee"]
[Date "1993.08.03"]
[Round "2"]
[White "Koshy, Varugeese"]
[Black "Walker, David"]
[Result "1-0"]
[WhiteElo "2415"]
[BlackElo "2305"]
[PlyCount "81"]
[EventDate "1993.08.02"]
[EventType "swiss"]
[EventRounds "11"]
[EventCountry "GBR"]
[SourceTitle "BritBase"]
[Source "britbase.info"]
[SourceDate "2021.07.30"]
[SourceVersion "1"]
[SourceVersionDate "2021.07.30"]
[SourceQuality "1"]

1. c4 g6 2. g3 Bg7 3. Bg2 c5 4. e3 Nc6 5. Ne2 e5 6. Nbc3 Nge7 7. O-O d6 8. d3
h5 9. h3 Be6 10. Nd5 Qd7 11. Kh2 f5 12. h4 O-O 13. a3 Rab8 14. Nec3 Nd8 15. Rb1
Nxd5 16. cxd5 Bf7 17. b4 cxb4 18. axb4 Qe7 19. Ne2 Be8 20. b5 g5 21. hxg5 Qxg5
22. f4 Qe7 23. Bh3 h4 24. g4 fxg4 25. Bxg4 Bd7 26. Bxd7 Qxd7 27. e4 Rc8 28. f5
Bf6 29. Rg1+ Kf7 30. Be3 b6 31. Qd2 Qe7 32. Nc3 Nb7 33. Na2 Qc7 34. Nb4 Na5 35.
Bg5 Qc3 36. Qe2 Ke7 37. Bxf6+ Rxf6 38. Nc6+ Nxc6 39. bxc6 Rcf8 40. Rgc1 Qd4 41.
Rc4 1-0

[Event "GBR-ch80"]
[Site "Dundee"]
[Date "1993.08.03"]
[Round "2"]
[White "Ledger, Andrew"]
[Black "Ferguson, Mark"]
[Result "1/2-1/2"]
[WhiteElo "2375"]
[BlackElo "2195"]
[PlyCount "89"]
[EventDate "1993.08.02"]
[EventType "swiss"]
[EventRounds "11"]
[EventCountry "GBR"]
[SourceTitle "BritBase"]
[Source "britbase.info"]
[SourceDate "2021.07.30"]
[SourceVersion "1"]
[SourceVersionDate "2021.07.30"]
[SourceQuality "1"]

1. c4 g6 2. Nc3 Bg7 3. g3 d6 4. Bg2 e5 5. d3 f5 6. e3 Nf6 7. Nge2 O-O 8. O-O a5
9. b3 c6 10. Bb2 Na6 11. Qd2 Be6 12. f4 Kh8 13. Rad1 Qc7 14. Rc1 Bg8 15. e4
Qb6+ 16. Kh1 Ng4 17. Nd1 a4 18. exf5 axb3 19. axb3 Nc5 20. Rb1 gxf5 21. h3 Nh6
22. fxe5 dxe5 23. b4 Nb3 24. Qg5 Qd8 25. Qe3 Nd4 26. Qd2 Nb3 27. Qe3 Nd4 28.
Bc3 f4 29. Qe4 Nxe2 30. Qxe2 Nf5 31. Be1 Nxg3+ 32. Bxg3 fxg3 33. Rxf8 Qxf8 34.
Nc3 Be6 35. Ne4 Qf4 36. Qe1 Ra3 37. Rd1 Bf5 38. Nxg3 Bxd3 39. Nh5 Qg5 40. Nxg7
Kxg7 41. Qf2 Bf5 42. Rg1 Kh6 43. Qc5 Qf6 44. Rf1 Ra2 45. Rf3 1/2-1/2

[Event "GBR-ch80"]
[Site "Dundee"]
[Date "1993.08.03"]
[Round "2"]
[White "Martin, Andrew D"]
[Black "Knox, Victor W"]
[Result "1/2-1/2"]
[WhiteElo "2425"]
[BlackElo "2315"]
[PlyCount "85"]
[EventDate "1993.08.02"]
[EventType "swiss"]
[EventRounds "11"]
[EventCountry "GBR"]
[SourceTitle "BritBase"]
[Source "britbase.info"]
[SourceDate "2021.07.30"]
[SourceVersion "1"]
[SourceVersionDate "2021.07.30"]
[SourceQuality "1"]

1. Nf3 Nf6 2. c4 c6 3. g3 d5 4. Bg2 Bf5 5. O-O e6 6. cxd5 cxd5 7. Qb3 Qb6 8.
Qxb6 axb6 9. Nc3 Nc6 10. d3 Be7 11. Nb5 O-O 12. Bf4 Bg4 13. Rfc1 Rfc8 14. h3
Bh5 15. g4 Bg6 16. Nd6 Bxd6 17. Bxd6 Ne8 18. Bf4 f6 19. Be3 b5 20. Rc5 b4 21.
Nd4 Nxd4 22. Bxd4 Rxc5 23. Bxc5 b3 24. a3 Rc8 25. Rc1 Nd6 26. Be3 Rc2 27. Rxc2
bxc2 28. Kf1 d4 29. Bc1 Bf7 30. Ke1 e5 31. b4 Bb3 32. Bb2 b6 33. Bc6 Kf7 34.
Kd2 Ke7 35. e3 dxe3+ 36. fxe3 h5 37. Kc3 Be6 38. Bf3 e4 39. dxe4 hxg4 40. Bxg4
Nxe4+ 41. Kxc2 Bxg4 42. hxg4 b5 43. Kd3 1/2-1/2

[Event "GBR-ch80"]
[Site "Dundee"]
[Date "1993.08.03"]
[Round "2"]
[White "MacElligott, Gerry"]
[Black "Spice, Alan"]
[Result "0-1"]
[WhiteElo "2260"]
[BlackElo "2200"]
[PlyCount "106"]
[EventDate "1993.08.02"]
[EventType "swiss"]
[EventRounds "11"]
[EventCountry "GBR"]
[SourceTitle "BritBase"]
[Source "britbase.info"]
[SourceDate "2021.07.30"]
[SourceVersion "1"]
[SourceVersionDate "2021.07.30"]
[SourceQuality "1"]

1. Nf3 e6 2. g3 f5 3. Bg2 Nf6 4. O-O Be7 5. c4 O-O 6. d4 d6 7. Nc3 Qe8 8. b3 a5
9. Ba3 Qh5 10. e3 g5 11. Nd2 Nc6 12. Qxh5 Nxh5 13. Nf3 Nb4 14. Rad1 c6 15. Bb2
Bd7 16. Ne1 Rac8 17. a3 Na6 18. Nd3 Nc7 19. Na4 Na8 20. c5 d5 21. Bc3 Bd8 22.
Ne5 Be8 23. Nb2 Nf6 24. f3 Bh5 25. Rd2 g4 26. fxg4 Nxg4 27. Nxg4 Bxg4 28. Nd3
Bh5 29. Nf4 Bf7 30. Bf3 b5 31. g4 b4 32. axb4 axb4 33. Bb2 fxg4 34. Bxg4 Nc7
35. Nd3 Bg5 36. Nf4 Rce8 37. Rg2 h6 38. h4 Bxh4 39. Nxe6 Nxe6 40. Bxe6+ Bg5 41.
Bd7 Re7 42. Bxc6 Rc8 43. Bb5 Bg6 44. Bc1 Rg7 45. Be2 Bc2 46. Bf3 Bxb3 47. e4
Bc4 48. Rd1 Rf8 49. Bxg5 Rxg5 50. Rxg5+ hxg5 51. Kg2 Rf4 52. Kg3 dxe4 53. Bg4
Rxg4+ 0-1

[Event "GBR-ch80"]
[Site "Dundee"]
[Date "1993.08.03"]
[Round "2"]
[White "Muir, Andrew J"]
[Black "Levitt, Jonathan"]
[Result "1-0"]
[WhiteElo "2360"]
[BlackElo "2455"]
[PlyCount "72"]
[EventDate "1993.08.02"]
[EventType "swiss"]
[EventRounds "11"]
[EventCountry "GBR"]
[SourceTitle "BritBase"]
[Source "britbase.info"]
[SourceDate "2021.07.30"]
[SourceVersion "1"]
[SourceVersionDate "2021.07.30"]
[SourceQuality "1"]

1. d4 Nf6 2. c4 e6 3. Nc3 Bb4 4. e3 c5 5. Nge2 cxd4 6. exd4 d5 7. c5 Ne4 8. Bd2
Nxd2 9. Qxd2 a5 10. a3 Bxc3 11. Nxc3 a4 12. Bd3 b6 13. cxb6 Qxb6 14. Bc2 Bd7
15. O-O Nc6 16. Rad1 Ne7 17. Rfe1 O-O 18. h4 Rfb8 19. Re3 Qxb2 20. Rg3 Nf5 21.
Bxf5 Qxd2 22. Rxd2 exf5 23. Nxd5 Rb1+ 24. Kh2 Be6 25. Nc7 Rc8 26. Rc3 Rb3 27.
Rdc2 h6 28. d5 Bd7 29. f4 Rcb8 30. Na6 Rxc3 31. Rxc3 Rb3 32. Rc7 Bb5 33. Nc5
Rxa3 34. Rc8+ Kh7 35. Rb8 Bc4 36. d6 Bd5 1-0

[Event "GBR-ch80"]
[Site "Dundee"]
[Date "1993.08.03"]
[Round "2"]
[White "Murugan, Krishnamoorthy"]
[Black "Rossiter, Philip J"]
[Result "1-0"]
[WhiteElo "2430"]
[BlackElo "2330"]
[PlyCount "132"]
[EventDate "1993.08.02"]
[EventType "swiss"]
[EventRounds "11"]
[EventCountry "GBR"]
[SourceTitle "BritBase"]
[Source "britbase.info"]
[SourceDate "2021.07.30"]
[SourceVersion "1"]
[SourceVersionDate "2021.07.30"]
[SourceQuality "1"]

1. d4 d5 2. c4 e6 3. Nf3 c5 4. cxd5 exd5 5. Bg5 Be7 6. Bxe7 Nxe7 7. dxc5 Na6 8.
Nc3 O-O 9. Rc1 Nxc5 10. e3 Be6 11. Nd4 Qb6 12. Rc2 Rfd8 13. Bd3 Nc6 14. Be2 Ne4
15. Nxc6 bxc6 16. O-O Nxc3 17. bxc3 c5 18. Rd2 Rab8 19. Qa1 Qc7 20. Rfd1 Qe5
21. Bf3 Qg5 22. Qc1 Bg4 23. Bxg4 Qxg4 24. h3 Qc4 25. Qc2 Rb6 26. e4 d4 27. cxd4
Qxc2 28. Rxc2 cxd4 29. Rxd4 Re8 30. Rd7 g6 31. Rcc7 Rf6 32. f3 a6 33. Re7 Rxe7
34. Rxe7 h5 35. h4 Rc6 36. Ra7 Kg7 37. e5 Kf8 38. Kh2 Re6 39. Kg3 Rxe5 40. Rxa6
Ke7 41. Ra4 Rc5 42. Re4+ Kf6 43. Re1 Ra5 44. Ra1 Ra4 45. a3 Kf5 46. Ra2 f6 47.
Ra1 Ke5 48. Re1+ Kf5 49. Re3 Ra5 50. Kf2 Ra4 51. Kg3 Ra7 52. Kh3 Ra8 53. Rb3
Ra7 54. g3 Ra5 55. f4 g5 56. hxg5 fxg5 57. a4 Kg6 58. Rb5 Rxa4 59. Rxg5+ Kh6
60. Kh4 Ra1 61. Rxh5+ Kg6 62. Rb5 Ra6 63. g4 Ra1 64. Rb6+ Kf7 65. Kg5 Ra7 66.
f5 Kg7 1-0

[Event "GBR-ch80"]
[Site "Dundee"]
[Date "1993.08.04"]
[Round "3"]
[White "Bates, Richard"]
[Black "Williams, Simon Kim"]
[Result "0-1"]
[WhiteElo "2235"]
[BlackElo "2255"]
[PlyCount "78"]
[EventDate "1993.08.02"]
[EventType "swiss"]
[EventRounds "11"]
[EventCountry "GBR"]
[SourceTitle "BritBase"]
[Source "britbase.info"]
[SourceDate "2021.07.30"]
[SourceVersion "1"]
[SourceVersionDate "2021.07.30"]
[SourceQuality "1"]

1. d4 e6 2. c4 f5 3. g3 Nf6 4. Bg2 d6 5. Nf3 Be7 6. O-O O-O 7. b3 Qe8 8. Nc3 a5
9. Ba3 Na6 10. Re1 Qg6 11. e4 fxe4 12. Nxe4 h6 13. Nxf6+ Bxf6 14. Qd2 Bd7 15.
Rad1 Bc6 16. Rxe6 Qh5 17. d5 Bd7 18. Re3 Bg4 19. Rde1 Nb4 20. Rf1 b6 21. Ne1
Rae8 22. Be4 Bh3 23. Ng2 Rxe4 24. Rxe4 Qf3 25. Nf4 Bg5 26. Qe2 Rxf4 27. Qxf3
Rxf3 28. Rd1 Nxa2 29. Bb2 Rxb3 30. Ba1 a4 31. f4 Bf6 32. Bxf6 gxf6 33. Rde1 Kf7
34. Re7+ Kg6 35. Rxc7 a3 36. Kf2 Nb4 37. g4 Nd3+ 38. Kg3 Nxe1+ 39. Kh4 Ng2# 0-1

[Event "GBR-ch80"]
[Site "Dundee"]
[Date "1993.08.04"]
[Round "3"]
[White "Ferguson, Mark"]
[Black "Harley, Andrew D"]
[Result "1/2-1/2"]
[WhiteElo "2195"]
[BlackElo "2315"]
[PlyCount "52"]
[EventDate "1993.08.02"]
[EventType "swiss"]
[EventRounds "11"]
[EventCountry "GBR"]
[SourceTitle "BritBase"]
[Source "britbase.info"]
[SourceDate "2021.07.30"]
[SourceVersion "1"]
[SourceVersionDate "2021.07.30"]
[SourceQuality "1"]

1. e4 e6 2. d4 d5 3. Nd2 Nf6 4. e5 Nfd7 5. c3 c5 6. Bd3 Nc6 7. Ne2 Qb6 8. Nf3
cxd4 9. cxd4 f6 10. exf6 Nxf6 11. O-O Bd6 12. Nc3 O-O 13. Re1 Bd7 14. a3 Kh8
15. Be3 Be8 16. Ng5 Ne7 17. Nxe6 Bh5 18. f3 Bxh2+ 19. Kxh2 Qxe6 20. Bg5 Qd6+
21. Kg1 Nc6 22. Be3 Rae8 23. Qd2 Na5 24. Qc2 Nc4 25. Bf2 Rc8 26. Bxc4 Rxc4
1/2-1/2

[Event "GBR-ch80"]
[Site "Dundee"]
[Date "1993.08.04"]
[Round "3"]
[White "Hennigan, Michael"]
[Black "Arkell, Keith C"]
[Result "1-0"]
[WhiteElo "2415"]
[BlackElo "2460"]
[PlyCount "101"]
[EventDate "1993.08.02"]
[EventType "swiss"]
[EventRounds "11"]
[EventCountry "GBR"]
[SourceTitle "BritBase"]
[Source "britbase.info"]
[SourceDate "2021.07.30"]
[SourceVersion "1"]
[SourceVersionDate "2021.07.30"]
[SourceQuality "1"]

1. e4 e6 2. d4 d5 3. Nd2 dxe4 4. Nxe4 Nd7 5. Nf3 Ngf6 6. Nxf6+ Nxf6 7. Bd3 c5
8. O-O cxd4 9. Nxd4 Be7 10. Re1 O-O 11. c3 Bd7 12. Qf3 Bc6 13. Nxc6 bxc6 14. c4
Qa5 15. Bf4 Rad8 16. a3 Bd6 17. b4 Qc7 18. Bxd6 Rxd6 19. Rad1 Rfd8 20. Bc2 h5
21. Rxd6 Rxd6 22. Rd1 Rxd1+ 23. Qxd1 Ng4 24. h3 Nf6 25. Qd4 Nd7 26. c5 Kf8 27.
Be4 g6 28. g3 e5 29. Qd2 Nf6 30. Bc2 Ke8 31. Bb3 Qe7 32. Qd3 e4 33. Qa6 Qc7 34.
Ba4 Kd7 35. b5 e3 36. Qxc6+ Qxc6 37. bxc6+ Kc7 38. fxe3 Ne4 39. Bb3 f6 40. Kg2
g5 41. h4 Kxc6 42. Bf7 Kxc5 43. Bxh5 Kd6 44. Bg6 Nc3 45. h5 Ke7 46. h6 Kf8 47.
Kf3 a5 48. Kg4 Nb5 49. Kf5 Nxa3 50. Kxf6 Kg8 51. Bd3 1-0

[Event "GBR-ch80"]
[Site "Dundee"]
[Date "1993.08.04"]
[Round "3"]
[White "Hodgson, Julian M"]
[Black "Murugan, Krishnamoorthy"]
[Result "1-0"]
[WhiteElo "2625"]
[BlackElo "2430"]
[PlyCount "79"]
[EventDate "1993.08.02"]
[EventType "swiss"]
[EventRounds "11"]
[EventCountry "GBR"]
[SourceTitle "BritBase"]
[Source "britbase.info"]
[SourceDate "2021.07.30"]
[SourceVersion "1"]
[SourceVersionDate "2021.07.30"]
[SourceQuality "1"]

1. d4 d5 2. c4 e6 3. Nc3 Nf6 4. cxd5 exd5 5. Bg5 c6 6. e3 Be7 7. Bd3 O-O 8. Qc2
Nbd7 9. Nge2 Re8 10. O-O Nf8 11. Rab1 Ng4 12. Bf4 Bd6 13. b4 Bxf4 14. Nxf4 g5
15. Nh5 Qd6 16. Ng3 Qh6 17. h3 Nf6 18. Nf5 Bxf5 19. Bxf5 a6 20. a4 Ng6 21. b5
axb5 22. axb5 Ne7 23. Rfc1 Nxf5 24. Qxf5 Qg6 25. Qc2 Re6 26. Ne2 Ne4 27. bxc6
bxc6 28. Rb6 Rc8 29. Qa2 Kg7 30. Qa6 Rc7 31. Qa8 Qf5 32. Rf1 Nf6 33. g4 Qf3 34.
Ng3 Re8 35. Rb8 Rce7 36. Nf5+ Kg6 37. Nxe7+ Rxe7 38. Qxc6 Re6 39. Qc2+ Kg7 40.
Qf5 1-0

[Event "GBR-ch80"]
[Site "Dundee"]
[Date "1993.08.04"]
[Round "3"]
[White "Kumaran, Dharshan"]
[Black "Hebden, Mark"]
[Result "1/2-1/2"]
[WhiteElo "2425"]
[BlackElo "2560"]
[PlyCount "120"]
[EventDate "1993.08.02"]
[EventType "swiss"]
[EventRounds "11"]
[EventCountry "GBR"]
[SourceTitle "BritBase"]
[Source "britbase.info"]
[SourceDate "2021.07.30"]
[SourceVersion "1"]
[SourceVersionDate "2021.07.30"]
[SourceQuality "1"]

1. d4 Nf6 2. c4 g6 3. Nc3 Bg7 4. e4 d6 5. Nf3 O-O 6. Be2 e5 7. d5 a5 8. Be3 Ng4
9. Bg5 f6 10. Bh4 Na6 11. Nd2 Nh6 12. a3 Bd7 13. O-O Nf7 14. Rb1 h5 15. f3 Nc5
16. b4 axb4 17. axb4 Na4 18. Nxa4 Bxa4 19. Nb3 Bh6 20. Qd3 b6 21. c5 bxc5 22.
bxc5 Bxb3 23. Qxb3 dxc5 24. Bf2 Ra5 25. Qc3 Qa8 26. Bxc5 Nd6 27. Ra1 Bd2 28.
Qb2 Kg7 29. Rfd1 Rb8 30. Rxa5 Bxa5 31. Qc2 Qb7 32. Rc1 Qb2 33. Bd3 Qxc2 34.
Rxc2 Rb3 35. Bc4 Rb1+ 36. Kf2 f5 37. Bd3 Rd1 38. Bxd6 cxd6 39. Ke2 Re1+ 40. Kf2
fxe4 41. Bxe4 Rh1 42. Kg3 g5 43. Kh3 Rd1 44. Rc6 Bb4 45. Rc7+ Kf6 46. Rh7 g4+
47. Kh4 gxf3 48. gxf3 Rh1 49. Rh6+ Kg7 50. Rg6+ Kf7 51. Rg2 Bc5 52. Kxh5 Rg1
53. Rg4 Kf6 54. h4 Bf2 55. Rxg1 Bxg1 56. Kh6 Be3+ 57. Kh7 Bf4 58. h5 Be3 59.
Kg8 Bh6 60. Kh7 Bf4 1/2-1/2

[Event "GBR-ch80"]
[Site "Dundee"]
[Date "1993.08.04"]
[Round "3"]
[White "Lee, Graham D"]
[Black "Spice, Alan"]
[Result "1-0"]
[WhiteElo "2345"]
[BlackElo "2200"]
[PlyCount "127"]
[EventDate "1993.08.02"]
[EventType "swiss"]
[EventRounds "11"]
[EventCountry "GBR"]
[SourceTitle "BritBase"]
[Source "britbase.info"]
[SourceDate "2021.07.30"]
[SourceVersion "1"]
[SourceVersionDate "2021.07.30"]
[SourceQuality "1"]

1. e4 e6 2. d4 d5 3. e5 c5 4. c3 Nc6 5. Nf3 Qb6 6. a3 c4 7. Qc2 Na5 8. Bf4 Nb3
9. Ra2 Bd7 10. Nbd2 h6 11. h4 O-O-O 12. h5 Kb8 13. Be2 Ka8 14. a4 Ne7 15. Bd1
Nc6 16. Nxb3 cxb3 17. Qxb3 Qxb3 18. Bxb3 Na5 19. Bc2 Rc8 20. Rh3 f5 21. Nd2 Be7
22. Ke2 Bg5 23. Ke3 Be8 24. Ra1 Nc6 25. Nf3 Bd8 26. Kd2 Na5 27. b3 Rf8 28. Ng1
Rf7 29. Ne2 Rfc7 30. Bd1 Be7 31. f3 Nc6 32. g4 fxg4 33. fxg4 Nd8 34. Bc2 Nf7
35. Rf1 Ng5 36. Bxg5 Bxg5+ 37. Kd1 b5 38. axb5 Bxb5 39. Bd3 a6 40. Kc2 Kb7 41.
Rhf3 Kb6 42. Rf7 Kb7 43. c4 Bc6 44. c5 Be8 45. Rxc7+ Rxc7 46. Ra1 Bb5 47. Bxb5
axb5 48. Ra5 Rf7 49. Rxb5+ Kc7 50. Nc3 Rf2+ 51. Kb1 Rf1+ 52. Ka2 Rf2+ 53. Ka3
Bc1+ 54. Ka4 Rc2 55. Rb6 Rxc3 56. Rxe6 Rd3 57. Rg6 Rxd4+ 58. Kb5 Re4 59. Rxg7+
Kd8 60. Rg8+ Kc7 61. Rg7+ Kd8 62. c6 Rxe5 63. Kb6 Re8 64. Kb7 1-0

[Event "GBR-ch80"]
[Site "Dundee"]
[Date "1993.08.04"]
[Round "3"]
[White "Lyell, Mark"]
[Black "Martin, Benjamin"]
[Result "1-0"]
[WhiteElo "2235"]
[BlackElo "2410"]
[PlyCount "119"]
[EventDate "1993.08.02"]
[EventType "swiss"]
[EventRounds "11"]
[EventCountry "GBR"]
[SourceTitle "BritBase"]
[Source "britbase.info"]
[SourceDate "2021.07.30"]
[SourceVersion "1"]
[SourceVersionDate "2021.07.30"]
[SourceQuality "1"]

1. e4 e6 2. d4 d5 3. e5 c5 4. c3 Nc6 5. Nf3 Bd7 6. Be2 f6 7. O-O fxe5 8. Nxe5
Nxe5 9. dxe5 Qc7 10. c4 d4 11. Bf4 Ne7 12. Nd2 O-O-O 13. Bd3 h6 14. Bg3 Qb6 15.
b4 Qxb4 16. Be4 Qa5 17. Qf3 Bc6 18. Rfb1 Qa6 19. Rb3 Bxe4 20. Nxe4 Nf5 21. Rab1
b6 22. Nxc5 Bxc5 23. Qc6+ Kb8 24. Qxc5 Rd7 25. Qc6 Re7 26. h4 Qc8 27. Qa4 Rc7
28. c5 Rxc5 29. Rxb6+ axb6 30. Rxb6+ Kc7 31. Qa7+ Kd8 32. Rb8 Qxb8 33. Qxb8+
Rc8 34. Qb6+ Kd7 35. Bf4 Rc6 36. Qa7+ Rc7 37. Qa4+ Ke7 38. g4 Nxh4 39. Bg3 Nf3+
40. Kg2 Ne1+ 41. Kf1 Nc2 42. Bf4 Rb8 43. Bd2 Kf7 44. Qa6 Rb1+ 45. Ke2 Rb2 46.
Qd6 Rcb7 47. a4 R2b6 48. Qc5 Nb4 49. Qxd4 Nd5 50. f4 Rc6 51. f5 Ne7 52. Qe4 Rb2
53. Kd1 Rb7 54. f6 Nd5 55. Qh7 Nxf6 56. exf6 Kxf6 57. Bxh6 Rd7+ 58. Ke2 Rc4 59.
g5+ Ke5 60. Bxg7+ 1-0

[Event "GBR-ch80"]
[Site "Dundee"]
[Date "1993.08.04"]
[Round "3"]
[White "McDonald, Neil R"]
[Black "Emms, John M"]
[Result "0-1"]
[WhiteElo "2395"]
[BlackElo "2455"]
[PlyCount "66"]
[EventDate "1993.08.02"]
[EventType "swiss"]
[EventRounds "11"]
[EventCountry "GBR"]
[SourceTitle "BritBase"]
[Source "britbase.info"]
[SourceDate "2021.07.30"]
[SourceVersion "1"]
[SourceVersionDate "2021.07.30"]
[SourceQuality "1"]

1. e4 c5 2. Nf3 e6 3. d4 cxd4 4. Nxd4 a6 5. Bd3 Qc7 6. O-O Nf6 7. c4 Nc6 8.
Nxc6 dxc6 9. f4 e5 10. f5 Bc5+ 11. Kh1 h5 12. Nc3 Ng4 13. Qf3 Qd8 14. Nd1 Qh4
15. h3 b6 16. Bd2 Bb7 17. b4 Bd4 18. Rb1 c5 19. bxc5 Bxc5 20. Bb4 Bd4 21. c5
bxc5 22. Bxc5 Bxc5 23. Rxb7 O-O 24. Nc3 Nf2+ 25. Kh2 Rad8 26. Bxa6 Rd2 27. Be2
Ng4+ 28. Kh1 Bd4 29. Rc7 Rb8 30. f6 g6 31. Bc4 Rf2 32. Qd3 Rxf1+ 33. Qxf1 Qg3
0-1